[Event "Dortmund op-B"]
[Site "Dortmund"]
[Date "2007.06.29"]
[Round "7"]
[White "Rogner, Wolfgang"]
[Black "Volesky, Alexander"]
[Result "1/2-1/2"]
[WhiteElo "1488"]
[BlackElo "1620"]
[PlyCount "86"]
[EventDate "2007.06.22"]
[EventType "swiss"]
[EventRounds "9"]
[EventCountry "GER"]
[SourceTitle "EXT 2008"]
[Source "ChessBase"]
[SourceDate "2007.11.25"]
[SourceVersion "1"]
[SourceVersionDate "2007.11.25"]
[SourceQuality "1"]

1. d4 e6 2. Nf3 d5 3. a3 c5 4. c3 Nc6 5. Bg5 Qb6 6. b4 cxb4 7. axb4 Bd7 8. g3 a6 9. Bg2 h6 10. Bd2 Nf6 11. 0-0 Rc8 12. Ne5 Be7 13. Nxd7 Nxd7 14. e4 dxe4 15. Bxe4 Nf6 16. Bf3 0-0 17. Be3 Qc7 18. Re1 Rfd8 19. Qe2 Na7 20. Bf4 Qd7 21. Bd2 Nb5 22. Qe3 Nd5 23. Bxd5 Qxd5 24. Qe4 Qxe4 25. Rxe4 Rc7 26. f4 Rdc8 27. Re3 g5 28. Rf3 Kg7 29. Ra2 Kg6 30. Kf2 Bd6 31. Ke2 Be7 32. Rb2 Nd6 33. Kd3 g4 34. Rf1 h5 35. Be1 Kf5 36. Re2 Bf6 37. Rh1 Nc4 38. Rg1 Rh8 39. Ra2 h4 40. Nd2 Nxd2 41. Rxd2 hxg3 42. Bxg3 Rh3 43. Ra1 Bh4 1/2-1/2

[Event "Dortmund op-B"]
[Site "Dortmund"]
[Date "2007.06.27"]
[Round "5"]
[White "Rogner, Wolfgang"]
[Black "Dreesbach, Christoph"]
[Result "0-1"]
[WhiteElo "1488"]
[BlackElo "1599"]
[PlyCount "70"]
[EventDate "2007.06.22"]
[EventType "swiss"]
[EventRounds "9"]
[EventCountry "GER"]
[SourceTitle "EXT 2008"]
[Source "ChessBase"]
[SourceDate "2007.11.25"]
[SourceVersion "1"]
[SourceVersionDate "2007.11.25"]
[SourceQuality "1"]

1. d4 d5 2. e4 dxe4 3. Nc3 Bf5 4. Qe2 a6 5. Nxe4 Qxd4 6. Nc3 Qd7 7. Nf3 Nc6 8. a3 0-0-0 9. Be3 e6 10. Rd1 Bd6 11. g3 Nf6 12. Bg5 Qe7 13. Bg2 h6 14. Bxf6 Qxf6 15. 0-0 Bc5 16. Nh4 Nd4 17. Qc4 Ba7 18. Nxf5 Qxf5 19. Be4 Qc5 20. Qxc5 Bxc5 21. Bd3 Rd7 22. Kg2 Rhd8 23. Rfe1 Nc6 24. f4 Bd4 25. Rf1 Bxc3 26. bxc3 Ne7 27. Rb1 b6 28. Bxa6+ Kb8 29. Bd3 Nd5 30. c4 Ne3+ 31. Kf2 Nxf1 32. Kxf1 Ka7 33. Rb4 c6 34. c5 bxc5 35. Ra4+ Kb7 0-1

[Event "Dortmund-ch"]
[Site "Dortmund"]
[Date "2004.03.18"]
[Round "8"]
[White "Klein, Hans Joachim"]
[Black "Rogner, Wolfgang"]
[Result "1/2-1/2"]
[WhiteElo "1637"]
[BlackElo "1558"]
[PlyCount "116"]
[EventDate "2004.03.01"]
[EventType "swiss"]
[EventRounds "9"]
[EventCountry "GER"]
[SourceTitle "EXT 2006"]
[Source "ChessBase"]
[SourceDate "2005.11.24"]
[SourceVersion "1"]
[SourceVersionDate "2005.11.24"]
[SourceQuality "1"]

1. e4 d5 2. e5 Nh6 3. d4 g6 4. Bd3 Nc6 5. c3 Bf5 6. h3 Bxd3 7. Qxd3 Qd7 8. g4 0-0-0 9. Nf3 f6 10. exf6 exf6 11. Be3 Re8 12. Na3 a6 13. 0-0 Nxg4 14. Bf4 Nh6 15. Nd2 Nf5 16. b4 Na7 17. Nc2 h5 18. a4 b6 19. Qxa6+ Kb8 20. Qxb6+ Ka8 21. Qxc7 Qxc7 22. Bxc7 Rc8 23. Bf4 Rxc3 24. Rac1 g5 25. Be3 Bd6 26. Nb1 Rc4 27. Nba3 Rc3 28. Nb1 Rc4 29. b5 Rhc8 30. Nca3 Rxc1 31. Rxc1 Rxc1+ 32. Bxc1 Nxd4 33. Bb2 Be5 34. Bxd4 Bxd4 35. Nc2 Be5 36. Nb4 d4 37. Nd2 Kb7 38. Nc4 Bf4 39. Kf1 h4 40. f3 Nc8 41. a5 Nd6 42. a6+ Ka8 43. Nxd6 Bxd6 44. Nc6 Bc5 45. Ke2 f5 46. Ne5 Bd6 47. Nd7 Ka7 48. Nf6 Be7 49. Nd5 Bd8 50. Kd3 g4 51. Nf4 Bc7 52. fxg4 fxg4 53. Ne6 Bb8 54. Ng5 gxh3 55. Nxh3 Kb6 56. Kxd4 Kxb5 57. Ke4 Kxa6 58. Kf3 Kb5 1/2-1/2

[Event "Dortmund-ch"]
[Site "Dortmund"]
[Date "2004.03.09"]
[Round "5"]
[White "Rogner, Wolfgang"]
[Black "Krueger, Inge"]
[Result "1-0"]
[WhiteElo "1558"]
[BlackElo "1335"]
[PlyCount "95"]
[EventDate "2004.03.01"]
[EventType "swiss"]
[EventRounds "9"]
[EventCountry "GER"]
[SourceTitle "EXT 2006"]
[Source "ChessBase"]
[SourceDate "2005.11.24"]
[SourceVersion "1"]
[SourceVersionDate "2005.11.24"]
[SourceQuality "1"]

1. d4 d5 2. e4 e6 3. exd5 exd5 4. Nf3 Nf6 5. Bd3 Be7 6. 0-0 0-0 7. Re1 Nbd7 8. Bg5 h6 9. Bd2 c6 10. b3 Re8 11. Bf4 Nf8 12. Ne5 Be6 13. Nd2 Rc8 14. c3 Bd6 15. Bg3 N6d7 16. f4 f5 17. Qh5 Re7 18. Bxf5 Bf7 19. Qf3 c5 20. Bh4 cxd4 21. Bxe7 Bxe7 22. Nxf7 Qb6 23. Rxe7 dxc3+ 24. Kf1 cxd2 25. Rd1 Rc1 26. Nxh6+ Qxh6 27. Qxd5+ Kh8 28. Qxd2 Rxd1+ 29. Qxd1 Qxf4+ 30. Qf3 Qc1+ 31. Re1 Qc7 32. Qh5+ Kg8 33. Qf3 Nf6 34. g3 Qb6 35. Bd3 Qb4 36. Bc4+ Kh8 37. a4 a6 38. g4 b5 39. Qh3+ N6h7 40. axb5 axb5 41. Bd5 Qf4+ 42. Qf3 Qxh2 43. Re2 Qd6 44. Qf7 Nf6 45. Rf2 N8d7 46. Rf5 Qb8 47. Rh5+ Nh7 48. Rxh7+ 1-0